000 00817nam a2200265Ia 4500
003 OSt
005 20220927105323.0
006 a|||||r|||| 00| 0
007 ta
008 220926b |||||||| |||| 00| 0 eng d
020 _a9789211615142
024 _a176028
037 _cReference Collections
040 _aRTL
_cRTL
_beng
041 _2eng
_aeng
082 _a"Y:5.1r, P8/UN"
110 _a"UNITED NATIONS, ECONOMIC AND SOCIAL AFFAIRS (Deptt of-)"
245 0 _aPopulation and vital statistics report
260 _aNew
_bYork United Nations
_c2008
300 _a23p
_ccm.
490 _a"Statistical Papers Series A Vol. LX, No. 2"
700 _a"UNITED NATIONS, ECONOMIC AND SOCIAL AFFAIRS (Deptt of-)"
942 _h"Y:5.1r, P8/UN"
_cCC
999 _c691816
_d691816